000 00724cam a22002053a 4500
001 45512
003 PGUSA
005 20140828084043.0
008 140427s2014||||xxu|||||s|||||000 | eng d
040 _aPGUSA
_beng
042 _adc
100 1 _aLaclos, Pierre Choderlos de
245 1 0 _aDangerous Connections, v. 1, 2, 3, 4 :
_bA Series of Letters, selected from the Correspondence of a Private Circle; and Published for the Instruction of Society.
_h[electronic resource] /
_cPierre Choderlos de Laclos
260 _bProject Gutenberg,
_c2014
506 _aPublic domain in the USA.
516 _aElectronic text
830 0 _aProject Gutenberg
_v45512
856 4 0 _uhttp://www.gutenberg.org/ebooks/45512
942 _cEB
999 _c274763
_d274763